[Event "Asuncion DTA op 6th"]
[Site "Asuncion"]
[Date "2019.08.02"]
[Round "2"]
[White "Franco Pinanez, Miguel Augusto"]
[Black "Esquivel Ojeda, Oscar Esteban"]
[Result "1-0"]
[WhiteElo "1836"]
[BlackElo "1621"]
[PlyCount "69"]
[EventDate "2019.08.01"]
[EventType "swiss"]
[EventRounds "7"]
[EventCountry "PAR"]
[SourceTitle "EXT 2020"]
[Source "ChessBase"]
[SourceDate "2019.10.17"]
[SourceVersion "1"]
[SourceVersionDate "2019.10.17"]
[SourceQuality "1"]

1. e4 d5 2. exd5 Qxd5 3. Nc3 Qd8 4. Nf3 Bf5 5. Bc4 e6 6. d4 c6 7. h3 Nf6 8. g4 Bg6 9. Ne5 Nbd7 10. Nxg6 hxg6 11. Bf4 Qa5 12. Qe2 Bb4 13. Bd2 Nd5 14. Ne4 Bxd2+ 15. Nxd2 N7f6 16. c3 Nf4 17. Qf3 N6d5 18. Nb3 Qc7 19. 0-0-0 b5 20. Bf1 a5 21. Nc5 0-0 22. Kb1 a4 23. a3 Rfb8 24. Nd3 Nxd3 25. Bxd3 c5 26. dxc5 Qxc5 27. Be4 Ra7 28. Bxd5 exd5 29. Rxd5 Qe7 30. Rhd1 Re8 31. Rxb5 Qe4+ 32. Qxe4 Rxe4 33. Rd8+ Kh7 34. g5 Re1+ 35. Ka2 1-0